[Event "NK Jeugd A"]
[Site "Venlo NED"]
[Date "2009.04.25"]
[Round "2"]
[White "Boulahfa,H"]
[Black "Miedema,R"]
[Result "0-1"]
[WhiteElo "2026"]
[BlackElo "2370"]

1.Nc3 Nc6 2.Nf3 Nf6 3.Nb1 Nb8 4.Ng1 Ng8 5.e4 e6 6.d4 d5 7.Nc3 Bb4 8.e5 Ne7
9.a3 Bxc3+ 10.bxc3 c5 11.Qg4 O-O 12.Bd3 Nbc6 13.Qh5 Ng6 14.Nf3 Qc7 15.Be3 c4
16.Bxg6 fxg6 17.Qg4 Qf7 18.Ng5 Qe8 19.h4 Ne7 20.Qe2 Bd7 21.g4 Qc8 22.h5 gxh5
23.Nxh7 Kxh7 24.Rxh5+ Kg8 25.Kd2 Be8 26.Rh2 Bg6 27.Rah1 Kf7 28.Bg5 Ke8 29.Qe3 Nc6
30.f4 Be4 31.Rf1 Kd7 32.f5 Qe8 33.Rh7 Rf7 34.Qh3 Kc7 35.Bf4 Kb6 36.Be3 Qd7
37.Rh5 Raf8  0-1

[Event "NK Jeugd A"]
[Site "Venlo NED"]
[Date "2009.05.01"]
[Round "8"]
[White "Haast,A"]
[Black "Miedema,R"]
[Result "0-1"]
[WhiteElo "2144"]
[BlackElo "2370"]

1.e4 e6 2.d4 d5 3.Nc3 Bb4 4.e5 Ne7 5.a3 Bxc3+ 6.bxc3 c5 7.Qg4 O-O 8.Bd3 Nbc6
9.Qh5 Ng6 10.Nf3 Qc7 11.Be3 c4 12.Bxg6 fxg6 13.Qg4 Qf7 14.Ng5 Qe8 15.h4 Ne7
16.Qe2 Bd7 17.g4 b5 18.Nh3 a5 19.h5 gxh5 20.Nf4 h4 21.Nh5 Ng6 22.g5 b4 23.Kd2 bxc3+
24.Kxc3 a4 25.Qg4 Rb8 26.Kd2 c3+ 27.Kd1 Qf7 28.Nf6+ gxf6 29.gxf6 Kh8 30.Bh6 Rg8
31.Ke2 Bb5+ 32.Ke3 Ne7 33.Bg7+ Rxg7 34.Qxg7+ Qxg7 35.fxg7+ Kxg7 36.Rhd1 Nf5+
37.Kf4 Rf8 38.Kg4 Be2+  0-1

[Event "XXII Open"]
[Site "Benidorm ESP"]
[Date "2009.05.03"]
[Round "10"]
[White "Nabaty,T"]
[Black "Lemos,D"]
[Result "0-1"]
[WhiteElo "2501"]
[BlackElo "2511"]

1.e4 e6 2.d4 d5 3.Nc3 Bb4 4.e5 b6 5.Qg4 Bf8 6.Bg5 Qd7 7.f4 Ba6 8.O-O-O Bxf1
9.Rxf1 Nc6 10.Nge2 Nge7 11.Qh3 h6 12.g4 Ng6 13.Bh4 Nxh4 14.Qxh4 Bb4 15.Rf3 Ne7
16.Nd1 h5 17.f5 exf5 18.gxh5 c5 19.a3 Ba5 20.Qg5 Rc8 21.Qxg7 Rg8 22.Qh6 cxd4
23.Nxd4 Qa4 24.Qe3 Rg4 25.Nb3 b5 26.Qd3 b4 27.Qa6 bxa3 28.Qxa5 Rxc2+ 29.Kxc2 Qe4+
30.Rd3 Qxh1 31.Qxa3 Nc6 32.Kb1 Nb4 33.Qa4+ Kf8 34.Rd4 a5 35.h6 Rxd4 36.Nxd4 Qe4+
37.Nc2 Qd3 38.Kc1 Qc4 39.h7 Kg7 40.h8=Q+ Kxh8 41.Qe8+ Kg7 42.Ne3 Qe4 43.Qe7 f4
44.Qf6+ Kg8 45.Qd8+ Kg7 46.Qf6+ Kg8 47.Qg5+ Kf8 48.Qd8+ Kg7 49.Qxa5 Nd3+
50.Kd2 fxe3+ 51.Nxe3 Nf4 52.Qb6 Qd3+ 53.Ke1  0-1

[Event "TOP 16 GpA"]
[Site "Mulhouse FRA"]
[Date "2009.05.03"]
[Round "7"]
[White "Riff,JN"]
[Black "Carpentier,P"]
[Result "1-0"]
[WhiteElo "2507"]
[BlackElo "2235"]

1.e4 e6 2.d4 d5 3.Nc3 Bb4 4.e5 Ne7 5.a3 Bxc3+ 6.bxc3 c5 7.Qg4 Qc7 8.Qxg7 Rg8
9.Qxh7 cxd4 10.Ne2 Nbc6 11.f4 dxc3 12.Qd3 d4 13.Ng3 Bd7 14.Ne4 O-O-O 15.Nd6+ Kb8
16.Rb1 Bc8 17.Nxf7 Rdf8 18.Nd6 Nf5 19.Nxf5 Rxf5 20.g3 Qh7 21.Bg2 Qd7 22.Be4 Rf7
23.a4 b6 24.Ba3 Bb7 25.Bd6+ Ka8 26.O-O Rh8 27.a5 Nxa5 28.Rxb6 Bd5 29.Rb5 Bxe4
30.Qxe4+ Qc6 31.Rfb1  1-0

[Event "IV Tch-ESP Selecciones Autonomicas"]
[Site "Villava ESP"]
[Date "2009.05.03"]
[Round "6"]
[White "Saenz Narciso,M"]
[Black "Ojer Lora,I"]
[Result "1-0"]
[WhiteElo "2093"]
[BlackElo "2081"]

1.e4 e6 2.d4 d5 3.Nc3 Bb4 4.e5 b6 5.Nf3 Qd7 6.Bd2 Bb7 7.Bd3 Nc6 8.O-O O-O-O
9.a4 Nge7 10.Nb5 Bxd2 11.Qxd2 a6 12.Na3 Nf5 13.c3 f6 14.b4 Nb8 15.Qe2 c6
16.b5 axb5 17.axb5 c5 18.c4 fxe5 19.Qxe5 Qd6 20.dxc5 bxc5 21.cxd5 Qxe5 22.Nxe5 Rxd5
23.Nac4 Nh4 24.Nb6+ Kc7 25.Nxd5+ exd5 26.b6+ Kc8 27.g3 Re8 28.f4 c4 29.Bxh7 Nd7  1-0

[Event "III Open"]
[Site "La Laguna ESP"]
[Date "2009.05.05"]
[Round "2"]
[White "Fernandez Garcia,JoseL1"]
[Black "Rodriguez Perez,M"]
[Result "1-0"]
[WhiteElo "2457"]
[BlackElo "2021"]

1.e4 e6 2.d4 d5 3.Nc3 Bb4 4.e5 Ne7 5.Nf3 b6 6.h4 Bb7 7.Bd2 Nbc6 8.Ne2 Bxd2+
9.Qxd2 Qd7 10.Nf4 O-O-O 11.Nh5 Rhg8 12.Bb5 Rdf8 13.O-O-O f6 14.Rde1 f5 15.Nf4 h6
16.h5 a6 17.Ba4 Kb8 18.Rh3 Qc8 19.Bxc6 Bxc6 20.Nh4 Be8 21.Kb1 Bf7 22.Rc1 Qb7
23.Ra3 Rc8 24.Nh3 Ka7 25.Qe2 g5 26.hxg6 Nxg6 27.Nxg6 Bxg6 28.Rd3 Be8 29.Qe3 h5
30.Ng5 Bd7 31.Nh7 f4 32.Qh3  1-0

[Event "III Open"]
[Site "La Laguna ESP"]
[Date "2009.05.05"]
[Round "2"]
[White "Lopez Pereyra,A"]
[Black "Zaja,I"]
[Result "1/2-1/2"]
[WhiteElo "2106"]
[BlackElo "2449"]

1.e4 e6 2.d4 d5 3.Nc3 Bb4 4.e5 b6 5.a3 Bf8 6.Bb5+ Bd7 7.Bd3 c5 8.Nf3 Nc6
9.O-O Be7 10.Re1 a6 11.dxc5 bxc5 12.b3 Qb8 13.Bf4 Qa7 14.Ng5 Bxg5 15.Bxg5 h6
16.Bh4 Nge7 17.Bg3 Nd4 18.Kh1 Ndf5 19.Ne2 Bc6 20.Nf4 g6 21.Qd2 h5 22.Nh3 Nxg3+
23.fxg3 Nf5 24.Rf1 d4 25.Ng5 Qb7 26.Rae1 Rd8 27.Be4 Kf8 28.Qa5 Kg7 29.Bxc6 Qxc6
30.Ne4 Rd5 31.Nf6 Ne3 32.Nxd5 Qxd5 33.Rf2 Ng4 34.Rf4 g5 35.Rf3 Nxe5 36.Rf2 h4
37.gxh4 Ng4 38.Rf3 Qd6 39.Rg3 Rxh4 40.Kg1 f6 41.Qd2 Ne5 42.Qe2 Kf7 43.Rf1 Ng6
44.Qf3 Nf4 45.Qb7+ Kg6 46.Qe4+ f5 47.Qf3 e5 48.Qb7 Ne2+ 49.Kf2 Nxg3 50.hxg3 Rh8
51.g4 Rh4 52.gxf5+ Kf6 53.g3 Rh2+ 54.Kg1 Rh8 55.Qe4 d3 56.cxd3 Rd8 57.Qh1 Qd4+
58.Rf2 Qa1+ 59.Rf1 Qd4+ 60.Rf2 Qa1+  1/2-1/2

[Event "84th ch-ARG Semifinal"]
[Site "La Plata ARG"]
[Date "2009.05.06"]
[Round "9"]
[White "Alonso,S"]
[Black "Claverie,R"]
[Result "1/2-1/2"]
[WhiteElo "2441"]
[BlackElo "2374"]

1.e4 e6 2.d4 d5 3.Nc3 Bb4 4.e5 b6 5.Bd2 Qd7 6.h4 h5 7.a3 Bxc3 8.Bxc3 Ba6
9.Bxa6 Nxa6 10.Qd3 Nb8 11.Ne2 Ne7 12.b4 Qa4 13.Bd2 Qc6 14.a4 Qc4 15.Nf4 Nbc6
16.c3 a6 17.f3 Ng6  1/2-1/2

[Event "FSIM May"]
[Site "Budapest HUN"]
[Date "2009.05.08"]
[Round "6"]
[White "Farago,S"]
[Black "Denisov,I"]
[Result "1-0"]
[WhiteElo "2255"]
[BlackElo "2189"]

1.e4 e6 2.d4 d5 3.Nc3 Bb4 4.e5 Qd7 5.Ne2 b6 6.a3 Bf8 7.Nf4 Nc6 8.Be3 Bb7
9.b4 a5 10.b5 Na7 11.Bd3 c6 12.bxc6 Bxc6 13.O-O Nh6 14.g4 Nb5 15.Nb1 g6 16.f3 Bg7
17.c3 Nc7 18.Qc1 Ng8 19.Nd2 Ne7 20.Rf2 O-O 21.Nf1 Bb5 22.Bb1 Bxf1 23.Qxf1 Rfc8
24.Bd3 Qc6 25.Rc2 Rab8 26.h4 b5 27.h5 Qd7 28.Qh3 b4 29.cxb4 axb4 30.axb4 Nc6
31.hxg6 hxg6 32.Rh2 Ne7 33.Qh7+ Kf8 34.Nh3 Ng8 35.f4 Ra8 36.Rf1 Ra3 37.Nf2 Ne7
38.b5 Ne8 39.Rh3 Rcc3 40.Bd2 Rcb3 41.f5 exf5 42.gxf5 Nxf5 43.Bc1 Nxd4 44.Bxa3+ Rxa3
45.Qh4 Bxe5 46.Ng4 Qe6 47.Nxe5 Qxe5 48.Re1 Nf5 49.Bxf5 Ra1 50.Bb1 Qb2 51.Qh8+ Qxh8
52.Rxh8+ Kg7 53.Rhxe8  1-0

[Event "TCh-NED 2008-9"]
[Site "Netherlands NED"]
[Date "2009.05.10"]
[Round "9"]
[White "Stellwagen,D"]
[Black "Van de Griendt,JW"]
[Result "1-0"]
[WhiteElo "2616"]
[BlackElo "2357"]

1.e4 e6 2.d4 d5 3.Nc3 Bb4 4.e5 b6 5.h4 h6 6.h5 a5 7.Qg4 Bf8 8.f4 Ne7 9.Nf3 Qd7
10.Qh3 Ba6 11.a4 Bxf1 12.Rxf1 Nbc6 13.g4 Nb4 14.Rf2 O-O-O 15.Nb5 Kb7 16.Nh4 Nc8
17.c3 Nc6 18.Be3 Be7 19.f5 Rhg8 20.Kd2 f6 21.Ng6 fxe5 22.dxe5 d4 23.cxd4 Kb8
24.Ke2 Qd5 25.Rc1 Bg5 26.Qf3 Qxf3+ 27.Rxf3 Nxd4+ 28.Nxd4 Rxd4 29.Bxd4 Bxc1
30.f6  1-0

[Event "18th CRO-Cup"]
[Site "Sibenik CRO"]
[Date "2009.05.20"]
[Round "1"]
[White "Nakic,Z"]
[Black "Franic,M"]
[Result "0-1"]
[WhiteElo "2138"]
[BlackElo "2421"]

1.e4 e6 2.d4 d5 3.Nc3 Bb4 4.e5 b6 5.Qg4 Bf8 6.Bb5+ c6 7.Ba4 a5 8.a3 Ba6 9.Nce2 Bb5
10.Bxb5 cxb5 11.c3 Nc6 12.Nf3 Qd7 13.O-O Nge7 14.Nh4 O-O-O 15.Qh3 Kb7 16.Qd3 h6
17.f4 g6 18.Bd2 a4 19.Kh1 Na5 20.Rae1 Qc6 21.Nf3 Rd7 22.Bc1 h5 23.Nh4 Ng8
24.Nf3 Nh6 25.Ng5 Be7 26.Nf3 Nf5 27.Neg1 Rc7 28.Nd2 Rcc8 29.Ngf3 Qe8 30.g3 Ka6
31.Kg2 Bxa3 32.h3 Be7 33.Nb1 Nc4 34.Rh1 Kb7 35.g4 Ng7 36.Nfd2 b4 37.Nxc4 Rxc4
38.Rhf1 a3 39.bxa3 bxc3  0-1

[Event "18th CRO-Cup"]
[Site "Sibenik CRO"]
[Date "2009.05.24"]
[Round "5"]
[White "Zelcic,R"]
[Black "Franic,M"]
[Result "1-0"]
[WhiteElo "2555"]
[BlackElo "2421"]

1.e4 e6 2.d4 d5 3.Nc3 Bb4 4.e5 Ne7 5.Nf3 b6 6.Bd2 Bxc3 7.Bxc3 a5 8.Bd2 Ba6
9.Bxa6 Nxa6 10.O-O Nf5 11.a3 Qd7 12.Qe2 a4 13.Rac1 c5 14.Be3 c4 15.Bd2 h5
16.b3 Qc6 17.bxc4 dxc4 18.Rb1 Nc7 19.Rb4 b5 20.Rfb1 f6 21.c3 Kf7 22.R4b2 Ra7
23.exf6 gxf6 24.d5 Nxd5 25.Rxb5 Rg8 26.g3 h4 27.Nd4 Nxd4 28.cxd4 hxg3 29.Qh5+ Rg6
30.hxg3 c3 31.Qh7+ Rg7 32.Qh5+ Rg6 33.Bc1 f5 34.Rb8 Nf6 35.Rf8+ Kxf8 36.Qxg6 Rf7
37.Bg5 c2 38.Rc1 Ne4 39.Bh6+ Ke7 40.Qh5 Qc4 41.Bg5+ Ke8 42.Qh8+ Rf8 43.Qg7 Nxg5
44.Qxg5 Rf7 45.Qg8+ Ke7 46.Qg5+ Ke8 47.Qg8+ Ke7 48.Qa8 Rf8 49.Qb7+ Kf6 50.Qb2 Rc8
51.d5+ e5 52.Qb6+ Kg5 53.Qe3+ Kg4 54.Qxe5 Rc5 55.Qe7 Kh5 56.Qh7+ Kg5 57.Qg7+ Kh5
58.f4  1-0

[Event "18th CRO-Cup"]
[Site "Sibenik CRO"]
[Date "2009.05.24"]
[Round "5"]
[White "Zufic,M"]
[Black "Dizdar,G"]
[Result "1-0"]
[WhiteElo "2439"]
[BlackElo "2565"]

1.e4 e6 2.d4 d5 3.Nc3 Bb4 4.e5 b6 5.Qg4 Bf8 6.Bb5+ c6 7.Ba4 a5 8.a3 Ba6 9.Nce2 Bb5
10.Bb3 a4 11.Ba2 c5 12.dxc5 bxc5 13.c4 dxc4 14.Bxc4 Bxc4 15.Qxc4 Nd7 16.Nf3 Ne7
17.Nc3 Ng6 18.Qe4 Ra6 19.O-O Be7 20.Rd1 Qb8 21.Rxd7  1-0

[Event "VI Moncada Open"]
[Site "Santiago de Cuba CUB"]
[Date "2009.05.25"]
[Round "9"]
[White "Garcia Martinez,O"]
[Black "Mena Crespo,C"]
[Result "1-0"]
[WhiteElo "1883"]
[BlackElo "2337"]

1.e4 e6 2.d4 d5 3.Nc3 Bb4 4.e5 b6 5.Bd2 a5 6.Nf3 Bf8 7.Bd3 Ba6 8.Bxa6 Nxa6
9.O-O Qd7 10.Ne2 Nb4 11.c3 Nc6 12.Nf4 a4 13.b3 Na5 14.c4 dxc4 15.Bxa5 Rxa5
16.bxc4 Ne7 17.d5 Ng6 18.Nxg6 hxg6 19.dxe6 Qxe6 20.Nd4 Qxc4 21.Rc1 Qd5 22.Rxc7 Qd8
23.Qc2 Bc5 24.Ne6 Qh4 25.h3 fxe6 26.Qxg6+ Kd8 27.Qxg7  1-0

[Event "XLIV Capablanca Memorial Open"]
[Site "Havana CUB"]
[Date "2009.06.15"]
[Round "7"]
[White "Lorenzana,W"]
[Black "Ostos,J"]
[Result "0-1"]
[WhiteElo "2215"]
[BlackElo "2316"]

1.e4 e6 2.d4 d5 3.Nc3 Bb4 4.e5 b6 5.Bd2 Ba6 6.Bxa6 Nxa6 7.Nf3 Be7 8.Ne2 c5
9.c4 Nc7 10.Rc1 dxc4 11.Rxc4 Qd5 12.b3 Rd8 13.dxc5 Bxc5 14.Qc2 Nb5 15.Nc3 Nxc3
16.Qxc3 a5 17.Qc2 Ne7 18.O-O Nc6 19.Rg4 g6 20.Bg5 h5 21.Rc4 Nb4 22.Rxb4 axb4
23.Bxd8 Qxd8 24.Rd1 Qb8 25.Qd2 O-O 26.Qd7 Qa8 27.Rd2 Qe4 28.Qd3 Qa8 29.Ng5 Qb8
30.Nxe6 Qxe5 31.Nxc5 Qe1+  0-1

[Event "XXVII Open A"]
[Site "Balatonlelle HUN"]
[Date "2009.06.16"]
[Round "4"]
[White "Leviczky,T"]
[Black "Videki,S"]
[Result "1/2-1/2"]
[WhiteElo "2317"]
[BlackElo "2435"]

1.e4 e6 2.d4 d5 3.Nc3 Bb4 4.e5 Ne7 5.a3 Bxc3+ 6.bxc3 c5 7.Qg4 cxd4 8.Qxg7 Rg8
9.Qxh7 Qc7 10.Ne2 dxc3 11.f4 Nbc6 12.Qd3 d4 13.Nxd4 Nxd4 14.Qxd4 Bd7 15.Rg1 Nf5
16.Qf2 Qc6 17.Bd3 Qd5 18.Rb1 Bc6 19.Rb3 O-O-O 20.Rxc3 Kb8 21.g4 Nd4 22.Rg3 Qh1+
23.Bf1 Qe4+ 24.Rge3 Qd5 25.h3 Qa2 26.Bd3 Qa1 27.Kd2 Rd7 28.a4 Rc8 29.Ba3 Nxc2
30.Bd6+ Rxd6 31.exd6 Nd4 32.Bc2 Nxc2 33.Rxc2 Qd4+ 34.Kc1 Qa1+ 35.Kd2 Qd4+
36.Kc1 Qa1+ 37.Kd2  1/2-1/2

[Event "XLIV Capablanca Memorial Open"]
[Site "Havana CUB"]
[Date "2009.06.17"]
[Round "9"]
[White "Cruz de la Osa,R"]
[Black "Alarcon,Rol"]
[Result "1-0"]
[WhiteElo "2228"]
[BlackElo "2367"]

1.e4 e6 2.d4 d5 3.Nc3 Bb4 4.e5 Qd7 5.Qg4 f5 6.Qg3 b6 7.a3 Bf8 8.b4 Bb7 9.h4 Nc6
10.Be3 O-O-O 11.Nh3 Nh6 12.f3 Kb8 13.Nf4 Be7 14.Bb5 Rhg8 15.Nd3 Qc8 16.Ne2 Rdf8
17.Bg5 Bd8 18.Bxc6 Bxc6 19.a4 Nf7 20.b5 Bb7 21.Bxd8 Qxd8 22.Nef4 Qe7 23.h5 Rc8
24.Qh4 Qd7 25.Nb4 Nd8 26.O-O c5 27.bxc6 Nxc6 28.Nxc6+ Rxc6 29.a5 Rxc2 30.axb6 axb6
31.Rfb1 Rc6 32.Qf2 Qc7 33.Qa2 Kc8 34.Qb3 Rd8 35.Ne2 Kd7 36.Rc1 Ra8 37.Rab1 Ra6
38.Qb5 Ke7 39.Rxc6 Qxc6 40.Qb4+ Kf7 41.Rc1 Qd7 42.Qd6 Qxd6 43.exd6 Kf6 44.Rc7 Ra1+
45.Kh2 Ba6 46.Nf4 Bb5 47.Re7 Re1 48.Nxd5+ Kg5 49.Nc7 Ba4 50.d7 Bxd7 51.Rxg7+ Kxh5
52.Rxh7+ Kg6 53.Rxd7 Kf6 54.Rd6  1-0

[Event "13th Master Open"]
[Site "Voronezh RUS"]
[Date "2009.06.18"]
[Round "7"]
[White "Semenova,Ir"]
[Black "Aitbayev,A"]
[Result "1/2-1/2"]
[WhiteElo "2263"]
[BlackElo "2387"]

1.e4 e6 2.d4 d5 3.Nc3 Bb4 4.e5 Ne7 5.a3 Bxc3+ 6.bxc3 b6 7.Qg4 O-O 8.h4 Nf5
9.Bd3 f6 10.exf6 Qxf6 11.Bg5 Qf7 12.Nf3 c5 13.Ne5 Qc7 14.O-O Ba6 15.Rfd1 Bxd3
16.Rxd3 Nc6 17.Bf4 Nxe5 18.Bxe5 Qd7 19.h5 Rac8 20.dxc5 Rxc5 21.Re1 Qf7 22.Qh3 Rc4
23.Rf3 Qe7 24.Rf4 Rxf4 25.Bxf4 Qxa3 26.Rxe6 Qa4 27.Qf3 Qc4 28.g3 h6 29.Re5 d4
30.Qg4 Qf7 31.cxd4 Nxd4 32.c3 Nf5 33.Qd1 Kh8 34.Rd5 Qe6  1/2-1/2

[Event "Open"]
[Site "Teplice CZE"]
[Date "2009.06.19"]
[Round "7"]
[White "Manik,M"]
[Black "Hausner,I"]
[Result "1/2-1/2"]
[WhiteElo "2460"]
[BlackElo "2393"]

1.e4 e6 2.d4 d5 3.Nc3 Bb4 4.e5 Qd7 5.a3 Bxc3+ 6.bxc3 b6 7.Qg4 f5 8.Qh5+ Qf7
9.Qf3 Ba6 10.Bxa6 Nxa6 11.Nh3 Ne7 12.O-O O-O  1/2-1/2

[Event "IM Tespo Engineering"]
[Site "Brno CZE"]
[Date "2009.06.27"]
[Round "2"]
[White "Kuchynka,Luk"]
[Black "Spodny,J"]
[Result "1-0"]
[WhiteElo "2199"]
[BlackElo "2088"]

1.e4 e6 2.d4 d5 3.Nc3 Bb4 4.e5 Qd7 5.Qg4 f5 6.Qg3 b6 7.Nh3 Ba6 8.Bxa6 Nxa6
9.Nf4 O-O-O 10.h4 g6 11.a3 Bxc3+ 12.Qxc3 Ne7 13.b4 h6 14.a4 Nb8 15.b5 Rdg8
16.Ba3 Kd8 17.a5 Nc8 18.axb6 axb6 19.Qb3 Qe8 20.Bb4 g5 21.Nd3 gxh4 22.Ra8 Nd7
23.Qa3 Nf8 24.Be7+ Kd7 25.Bf6 Rh7 26.Qc3  1-0

[Event "Petr Izmailov Mem"]
[Site "Tomsk RUS"]
[Date "2009.06.29"]
[Round "6"]
[White "Aketayeva,D"]
[Black "Zaichenko,D"]
[Result "1-0"]
[WhiteElo "2254"]
[BlackElo "2066"]

1.e4 e6 2.d4 d5 3.Nc3 Bb4 4.e5 Ne7 5.a3 Bxc3+ 6.bxc3 c5 7.Nf3 Nbc6 8.Bd3 c4
9.Be2 Bd7 10.O-O Na5 11.a4 Bc6 12.Ba3 b6 13.Ng5 Nf5 14.Nh3 Qd7 15.Nf4 O-O-O
16.Bb4 Bxa4 17.Bxa5 bxa5 18.Qb1 a6 19.Qa2 Bb5 20.Qxa5 Qc7 21.Qb4 g6 22.Bg4 Ng7
23.h4 h6 24.h5 gxh5 25.Bh3 Rhg8 26.Rfb1 Rd7 27.Ra5 Qc6 28.Qa3 Rb7 29.Qc1 Kb8
30.Ne2 Nf5 31.Qf4 Qc7 32.Rba1 Rg5 33.Bxf5 Rxf5 34.Qxh6 Qd8 35.Ng3 Rg5 36.Nxh5 Qg8
37.Nf4 f6 38.Qxf6 Rf7 39.Qxe6 Rxf4 40.Rxb5+ axb5 41.Qb6+ Kc8 42.Ra8+ Kd7
43.Qd6+  1-0

[Event "Open"]
[Site "Pula CRO"]
[Date "2009.07.02"]
[Round "7"]
[White "Van Leent,D"]
[Black "Franic,M"]
[Result "1-0"]
[WhiteElo "2201"]
[BlackElo "2421"]

1.e4 e6 2.d4 d5 3.Nc3 Bb4 4.e5 b6 5.a3 Bf8 6.Nf3 Ne7 7.Bd3 Ba6 8.Bxa6 Nxa6
9.Qd3 Qc8 10.O-O h6 11.Bd2 c6 12.Ne2 Nb8 13.b3 Ng6 14.h4 h5 15.g3 Qa6 16.c4 Nd7
17.Ng5 Ne7 18.Nf4 g6 19.Qf3 Nf5 20.Nfxe6 fxe6 21.Nxe6 Rc8 22.cxd5 cxd5 23.Rfc1 Be7
24.Rxc8+ Qxc8 25.Rc1 Qb7 26.Rc7 Qa8 27.Qc3 Kf7 28.Nf4 Nf8 29.Rc8 Qb7 30.Rc7 Qa8
31.Rc8 Qb7 32.e6+ Kg7 33.Rc7 Qa8 34.Qc2 Rh7 35.Bb4 Kh6 36.Qc1 g5 37.Bxe7 Rxe7
38.Nxd5 Nxe6 39.Nxe7 Nfxd4 40.hxg5+ Nxg5 41.Qe3 Nf3+ 42.Kf1 Qd8 43.Nf5+ Kg6
44.Rc6+ Kf7 45.Nd6+ Kg7 46.Qc3+ Kg6 47.Nb7+  1-0

[Event "ch-BEL Expert"]
[Site "Namur BEL"]
[Date "2009.07.05"]
[Round "2"]
[White "Vandevoort,P"]
[Black "Sarrau,J"]
[Result "1/2-1/2"]
[WhiteElo "2358"]
[BlackElo "2229"]

1.e4 e6 2.d4 d5 3.Nc3 Bb4 4.e5 b6 5.a3 Bf8 6.Nf3 c5 7.Ne2 Ba6 8.c3 Qd7 9.g3 Ne7
10.h4 h5 11.Bh3 Nbc6 12.O-O cxd4 13.cxd4 Na5 14.b4 Bxe2 15.Qxe2 Nc4 16.Rd1 a5
17.bxa5 Rxa5 18.Nd2 Ra4 19.Rb1 b5 20.Rb3 Ra5 21.Nb1 Nc6 22.Nc3 b4 23.axb4 Bxb4
24.Nxd5 Qxd5 25.Bg2 Nxd4 26.Qd3 Nxe5 27.Qxd4 Qxd4 28.Rxd4 Ra1 29.Rd1 O-O
30.Rxb4 Rc8 31.Be4 Raxc1 32.Rxc1 Rxc1+ 33.Kg2 g6 34.Rb5 Ng4 35.Bf3 Nf6 36.Rb2 Kg7
37.Ra2 Rc7 38.Rb2 Nd7 39.Ra2 e5 40.Rb2 f5 41.Ra2 e4 42.Be2 Ne5 43.Rb2 Rc6
44.Ra2 Kf6 45.Ra6 Rxa6 46.Bxa6 Nf7 47.Bc4 Nd6 48.Ba2 Ke5 49.Bb3 f4 50.gxf4+ Kxf4
51.Bd1 Nf5 52.Kh3 Nd4 53.Kg2 Nf3 54.Kh3 Ne1 55.Be2 Nd3 56.Kg2 Nb4 57.Bd1 Nd5
58.Bb3 Nf6 59.Bd1 g5 60.hxg5 Kxg5 61.Bc2 Kf4 62.Bd1 Ng4 63.Ba4 Ne5 64.Bb3 h4
65.Be6 Nd3 66.Bd5 Ne5 67.Kh3 Nf3 68.Bxe4 Ke5  1/2-1/2

[Event "ch-BEL Expert"]
[Site "Namur BEL"]
[Date "2009.07.06"]
[Round "3"]
[White "Hautot,S"]
[Black "Vandevoort,P"]
[Result "1/2-1/2"]
[WhiteElo "2421"]
[BlackElo "2358"]

1.e4 e6 2.d4 d5 3.Nc3 Bb4 4.e5 Ne7 5.Bd2 O-O 6.a3 Bxc3 7.Bxc3 c5 8.dxc5 Nbc6
9.Nf3 Ng6 10.Bd3 d4 11.Bxg6 dxc3 12.Qxd8 Rxd8 13.Be4 cxb2 14.Rb1 Na5 15.Rxb2 Bd7
16.Ke2 a6 17.Rd1 Bb5+ 18.Ke1 Rxd1+ 19.Kxd1 Rc8 20.a4 Be8 21.Rb6 Rc7 22.Nd4 Rxc5
23.Nb3 Rxe5 24.Nxa5 Rxe4 25.Nxb7 Bxa4 26.Rxa6 g5 27.Ra5 h6 28.Nc5 Rd4+ 29.Kc1 Bc6
30.g3 Bf3 31.Nd3 Be4 32.Kd2  1/2-1/2

[Event "12th Festival IM"]
[Site "Bischwiller FRA"]
[Date "2009.07.07"]
[Round "3"]
[White "Genzling,A"]
[Black "Barsov,A"]
[Result "1/2-1/2"]
[WhiteElo "2353"]
[BlackElo "2511"]

1.e4 e6 2.d4 d5 3.Nc3 Bb4 4.e5 Ne7 5.a3 Bxc3+ 6.bxc3 c5 7.Qg4 O-O 8.Bd3 f5
9.exf6 Rxf6 10.Bg5 Rf7 11.Qh5 g6 12.Qd1 Qa5 13.Bd2 Nbc6 14.Nf3 Qc7 15.O-O e5
16.Nxe5 Nxe5 17.dxe5 Qxe5 18.Qe1 Qd6 19.c4 Bf5 20.Bg5 Bxd3 21.cxd3 Nf5 22.Rb1 h6
23.Be3 Re8 24.Qc1 Nxe3 25.fxe3 Rxf1+ 26.Qxf1 dxc4 27.dxc4 Qd2 28.Kh1 Rf8
29.Qd1 Qxe3 30.Qd5+ Rf7 31.Rf1 Qe7 32.Rxf7 Qxf7 33.Qxc5 Qf1+ 34.Qg1 Qxc4
35.h3 b6 36.Qe3 Qf1+ 37.Kh2 Kg7 38.Qe5+ Qf6 39.Qc7+ Qf7 40.Qc3+ Kh7 41.Qg3 Qe7
42.Qd3 h5 43.g3 a5 44.h4 Qf7 45.Qe3 Qb7 46.a4 Qc7 47.Qe8 Kg7 48.Kg2 Qd6 49.Kh2 Kf6
50.Qb5 Ke7 51.Qb2 Qf6 52.Qd2 Qe5 53.Qf2 Qc5 54.Qe2+ Kd7 55.Qd3+ Qd6 56.Qc3 Qe6
57.Qc2 Kd6 58.Kg2 Qf5 59.Qe2 Qg4 60.Qd3+ Kc6 61.Qc2+ Kb7 62.Kh2 Qe6 63.Qg2+ Qc6
64.Qa2 Qd7 65.Qc2 Qe6 66.Qg2+ Kc7 67.Qc2+ Kb8 68.Qf2 Kc7 69.Qc2+ Qc6 70.Qa2 Qe4
71.Qf7+ Kc6 72.Qf6+ Kc5 73.Qf2+ Kb4 74.Qxb6+ Kxa4 75.Qb2 Qd3 76.Qa1+ Kb4
77.Qe1+ Kb5 78.Qe5+ Kb4 79.Qe1+ Qc3 80.Qb1+ Kc4 81.Qxg6 Qd2+ 82.Kh3 Qd7+
83.Kh2 Qd2+ 84.Kh3 Qd5 85.Qc2+ Kb4 86.Qb1+ Kc5 87.Qc1+ Kb6 88.Qb1+ Kc7 89.Qc1+ Kd7
90.Kh2 a4 91.Qe3 Qa2+ 92.Kg1 Qb1+ 93.Kh2 Qa2+ 94.Kg1 Qb3 95.Qa7+ Kc6 96.Qa8+ Kc5
97.Qf8+ Kc4 98.Qf7+ Kd4 99.Qf4+ Kd3 100.Qf5+ Kd2 101.Qf2+ Kc1 102.Qf4+ Kc2
103.Qe4+ Kc1 104.Qf4+ Kb1 105.Qf5+ Ka2 106.Qxh5 Qxg3+ 107.Kf1 Qd3+ 108.Ke1 a3
109.Qf7+ Qb3 110.Qf2+ Qb2 111.Qf7+ Ka1 112.Qc4 Qe5+ 113.Kd1 Qe3 114.Qc1+ Qxc1+
115.Kxc1 a2  1/2-1/2

[Event "12th Festival IM"]
[Site "Bischwiller FRA"]
[Date "2009.07.09"]
[Round "6"]
[White "Reinhart,E"]
[Black "Dobosz,H"]
[Result "1/2-1/2"]
[WhiteElo "2300"]
[BlackElo "2404"]

1.e4 e6 2.d4 d5 3.Nc3 Bb4 4.e5 Qd7 5.h4 b6 6.h5 Nh6 7.Nf3 Qc6 8.Bd2 Ba6 9.Bxa6 Nxa6
10.Qe2 Nb8 11.a3 Bf8 12.Bxh6 gxh6 13.Nh2 Nd7 14.Ng4 Rg8 15.Rh3 a6 16.a4 b5
17.axb5 axb5 18.Rxa8+ Qxa8 19.Rg3 c6 20.Qd3 Qa1+ 21.Nd1 Rg5 22.Qxh7 Rxh5
23.Rh3 Rxh3 24.gxh3 Qc1 25.Qd3 Bb4+ 26.Ke2 Qf4 27.Qe3 Qf5 28.c3 h5 29.Nh2 Be7
30.Qd3 Qxd3+ 31.Kxd3 c5 32.Nf1 c4+ 33.Ke3 f5 34.Ng3 h4 35.Ne2  1/2-1/2

[Event "Matskevich Mem GM"]
[Site "Kharkiv UKR"]
[Date "2009.07.11"]
[Round "2"]
[White "Averjanov,A"]
[Black "Kagramanianz,V"]
[Result "1/2-1/2"]
[WhiteElo "2395"]
[BlackElo "2240"]

1.e4 e6 2.d4 d5 3.Nc3 Bb4 4.e5 Qd7 5.a3 Bxc3+ 6.bxc3 b6 7.Nf3 Ba6 8.Bxa6 Nxa6
9.a4 Nb8 10.a5 Nc6 11.axb6 cxb6 12.O-O Nge7 13.Ba3 Na5 14.Bb4 Nc4 15.Nd2 Rc8
16.Nxc4 Rxc4 17.Ra6 Qb7 18.Qa1 Nc6 19.f4 Na5 20.Qa4+ Qc6 21.Qa3 Qb7 22.Qa4+ Rc6  1/2-1/2

[Event "IM"]
[Site "Condom FRA"]
[Date "2009.07.15"]
[Round "6"]
[White "Decoster,F"]
[Black "Vitoux,C"]
[Result "0-1"]
[WhiteElo "2285"]
[BlackElo "2423"]

1.e4 e6 2.d4 d5 3.Nc3 Bb4 4.e5 Ne7 5.a3 Bxc3+ 6.bxc3 b6 7.Qg4 Ng6 8.Nf3 Qd7
9.a4 Ba6 10.Bd3 c5 11.O-O Bxd3 12.cxd3 cxd4 13.cxd4 Nc6 14.Ba3 O-O-O 15.Qg5 Kb7
16.Qd2 Nge7 17.Rfb1 Ka8 18.Rb5 Na5 19.Qb2 Nec6 20.Rb1 Rc8 21.Nd2 f6 22.Bd6 Nb7
23.Bc5 Nca5 24.Nb3 Nxb3 25.Qxb3 Nxc5 26.dxc5 Rxc5 27.exf6 gxf6 28.Rxc5 bxc5
29.Qc3 Qe7 30.Rb5 Rb8 31.Qb3 Qe8 32.h3 Rxb5 33.axb5 Qc8 34.Qa4 c4 35.b6 a6
36.dxc4 dxc4 37.Qb4 Kb7 38.Qc3 e5 39.Kf1 Qc5  0-1

[Event "Open"]
[Site "Condom FRA"]
[Date "2009.07.16"]
[Round "7"]
[White "Castellani,F"]
[Black "Popa,Ma"]
[Result "0-1"]
[WhiteElo "1777"]
[BlackElo "1918"]

1.e4 e6 2.d4 d5 3.Nc3 Bb4 4.e5 Ne7 5.a3 Bxc3+ 6.bxc3 c5 7.Qg4 Kf8 8.h4 Nbc6
9.h5 h6 10.Nf3 Qa5 11.Bd2 Qa4 12.Rh3 Qxc2 13.Be2 Qe4 14.Qg3 Nf5 15.Qh2 cxd4
16.cxd4 Nfxd4 17.Nxd4 Nxd4 18.Re3 Nc2+ 19.Kf1 Nxe3+ 20.fxe3 Bd7 21.Bb4+ Kg8
22.Rd1 Rc8 23.Qg3 Qf5+ 24.Kg1 Qg5 25.Qf3 Qxe5 26.Rf1 f5 27.g4 Kh7 28.Bd3 Rhe8
29.Bd2 Kh8 30.Qg2 Rf8 31.g5 Rc3 32.Bxc3 Qxc3 33.Rd1 Bc6  0-1

[Event "TCh Eur-Youth U18"]
[Site "Pardubice CZE"]
[Date "2009.07.16"]
[Round "1"]
[White "Dragomirescu,R"]
[Black "Sipahioglu,I"]
[Result "1-0"]
[WhiteElo "2342"]
[BlackElo "2057"]

1.e4 e6 2.d4 d5 3.Nc3 Bb4 4.e5 Qd7 5.a3 Bxc3+ 6.bxc3 b6 7.Qg4 f5 8.Qg3 Ba6
9.Bxa6 Nxa6 10.Ne2 O-O-O 11.a4 Nb8 12.a5 Nc6 13.Qd3 Kb8 14.axb6 cxb6 15.Ba3 Na5
16.Bd6+ Ka8 17.Rxa5 bxa5 18.Qa6 Rc8 19.O-O Nf6 20.f3 Rc6 21.Qxa5 Rhc8 22.Bc5 Ne8
23.Ra1 R8c7 24.Nf4 Rb7 25.Nd3 Rcc7 26.Bb6 Rxc3 27.Bxa7 Rxa7 28.Qxc3 Rxa1+
29.Qxa1+ Qa7 30.Qb2 Qa5 31.c3 Nc7 32.Nc5 Nb5 33.Nxe6 Qxc3 34.Qxb5 Qe3+ 35.Kf1 Qc1+
36.Kf2 f4 37.Qxd5+  1-0

[Event "TCh Eur-Youth U18"]
[Site "Pardubice CZE"]
[Date "2009.07.21"]
[Round "6"]
[White "Kanarek,M"]
[Black "Sipahioglu,I"]
[Result "1-0"]
[WhiteElo "2422"]
[BlackElo "2057"]

1.e4 e6 2.d4 d5 3.Nc3 Bb4 4.e5 Ne7 5.a3 Bxc3+ 6.bxc3 b6 7.Qg4 Ng6 8.h4 h5
9.Qd1 Ba6 10.Bxa6 Nxa6 11.Bg5 Qd7 12.Ne2 Qc6 13.Rh3 Ne7 14.Nf4 g6 15.Bf6 Rg8
16.Qd2 Qc4 17.Bxe7 Kxe7 18.Rf3 Nb8 19.Nh3 Nc6 20.Ng5 Rg7 21.Qf4 Nd8 22.Qf6+ Kf8
23.Kd2 c5 24.dxc5 Qxc5 25.Qxd8+ Rxd8 26.Nxe6+ Ke7 27.Nxc5 bxc5 28.Rb1 Rd7
29.g3 Rg8 30.Rf6 Rc7 31.f4 Rd8 32.Rb5 Rdd7 33.Ra6 Rd8 34.Kd3 Ke8 35.Ke2 Ke7
36.a4 Ke8 37.Raa5 Rdc8 38.Kd3 Ke7 39.c4 d4 40.Ra6 Rd8 41.Ke4 Ke8 42.Rd6 Rdc8
43.Kd5 Ke7 44.a5 Ke8 45.a6 Ke7 46.Rb1 Re8 47.Rb7  1-0